000
00311nam a2200133Ia 4500
008
230525s9999 xx 000 0 und d
082
_a
915.487
_b
NARE
100
_a
NARAYAN,R.K
245
0
_a
Emerald Route
260
_a
Delhi
_b
Vision Books
_c
1988
300
_a
147
650
_a
Geography/Travel
942
_c
BK
999
_c
3104
_d
3104